| 000 | 00574nam a22001457a 4500 | ||
|---|---|---|---|
| 020 | _a9788824324984 | ||
| 080 | _a378.1/14=(82):(45) N 821 | ||
| 100 | _aNorton, Laura Soledad | ||
| 245 |
_aLa Cooperacion Academica y Cientifica entre italia y Argentina: _b El rol del Consorcio Interurniversitario italiano para Argentina (CUiA) |
||
| 260 |
_aBuenos Aires- Roma _bJovene Editore, _c2017 |
||
| 300 | _a108 P: | ||
| 650 |
_xCUIA _xcooperacion interurniversitaria _xsistema universitario italiano _xconsorcio interurniversitario italiano |
||
| 945 |
_acd _d2024-04-29 |
||
| 999 |
_c5392 _d235896 |
||
| 942 | _6_ | ||